Statistieken voor grootste objecten in het zonnestelsel

Klik hier om de quiz te nemen!

Algemene statistieken

  • Deze quiz is 14 keer genomen
  • De gemiddelde score is 13 van 36

Antwoordstatistieken

HintAntwoord% Correct
planeetaarde
100%
planeetSaturnus
100%
planeetjupiter
90%
maanmaan
90%
planeetmars
90%
planeetmercurius
90%
planeetneptunus
90%
dwergplaneetpluto
90%
planeeturanus
90%
planeetvenus
90%
sterzon
80%
maaneuropa
50%
maanio
30%
maancallisto
20%
dwergplaneetceres
20%
maancharon
20%
planetoideorcus
20%
maantitan
20%
maanariel
10%
dwergplaneeteris
10%
dwergplaneethaumea
10%
dwergplaneetmakemake
10%
planetoidesedna
10%
maantitania
10%
maantriton
10%
planetoide2002 MS4
0%
maandione
0%
maanganymedes
0%
dwergplaneetgonggong
0%
maanlapetus
0%
maanoberon
0%
planetoidequaoar
0%
maanrhea
0%
planetoidesalacia
0%
maantethys
0%
maanumbriel
0%

Scoreverdeling

Percentiel versus Aantal Correcte Antwoorden

Procent van Mensen met Elke Score

Uw Scoregeschiedenis

U heeft deze quiz nog niet genomen